Eastern Utah Libraries Catalog: Duchesne, Heber, Roosevelt, & Vernal

Titanic (Record no. 10906)

MARC details
000 -LEADER
fixed length control field 02599cgm a2200613 a 4500
003 - CONTROL NUMBER IDENTIFIER
control field XX-XxUND
005 - DATE AND TIME OF LATEST TRANSACTION
control field 20241220105654.0
007 - PHYSICAL DESCRIPTION FIXED FIELD--GENERAL INFORMATION
fixed length control field vd|cgaizq
008 - FIXED-LENGTH DATA ELEMENTS--GENERAL INFORMATION
fixed length control field 990921p19991997cau194 g vleng d
001 - CONTROL NUMBER
control field 447800
020 ## - INTERNATIONAL STANDARD BOOK NUMBER
International Standard Book Number 0792156684
024 1# - OTHER STANDARD IDENTIFIER
Standard number or code 097361552279
028 42 - PUBLISHER NUMBER
Publisher number 155277
Source Paramount Home Video
035 ## - SYSTEM CONTROL NUMBER
System control number (Sirsi) i9780792156680
035 ## - SYSTEM CONTROL NUMBER
System control number pms00262042
040 ## - CATALOGING SOURCE
Transcribing agency XX-XxUND
041 0# - LANGUAGE CODE
Language code of text/sound track or separate title engfre
Language code of summary or abstract/overprinted title or subtitle engspa
043 ## - GEOGRAPHIC AREA CODE
Geographic area code ln-----
092 ## - LOCALLY ASSIGNED DEWEY CALL NUMBER (OCLC)
Classification number 791.4372
Item number TIT
082 ## - DEWEY DECIMAL CLASSIFICATION NUMBER
Classification number 791.437
092 ## - LOCALLY ASSIGNED DEWEY CALL NUMBER (OCLC)
Classification number 791.437
245 00 - TITLE STATEMENT
Title Titanic
Medium [videorecording] /
Statement of responsibility, etc Paramount Pictures and 20th Century Fox ; Lightstorm Entertainment ; produced by James Cameron & Jon Landau ; written & directed by James Cameron.
250 ## - EDITION STATEMENT
Edition statement Widescreen version.
260 ## - PUBLICATION, DISTRIBUTION, ETC. (IMPRINT)
Place of publication, distribution, etc Hollywood, Calif. :
Name of publisher, distributor, etc Paramount Home Video,
Date of publication, distribution, etc [1999]
300 ## - PHYSICAL DESCRIPTION
Extent 1 videodisc (194 min.) :
Other physical details sd., col. ;
Dimensions 4 3/4 in.
440 #0 - SERIES STATEMENT/ADDED ENTRY--TITLE
Title Widescreen DVD collection
9 (RLIN) 58286
500 ## - GENERAL NOTE
General note Originally released as a motion picture in 1997.
501 ## - WITH NOTE
With note With interactive menus, scene selection and theatrical trailer.
508 ## - CREATION/PRODUCTION CREDITS NOTE
Creation/production credits note Director of photography, Russell Carpenter ; production design, Peter Lamont ; editors, Conrad Buff, James Cameron, Richard A. Harris ; music, James Horner.
511 1# - PARTICIPANT OR PERFORMER NOTE
Participant or performer note Leonardo DiCaprio, Kate Winslet, Billy Zane, Kathy Bates, Frances Fisher, Bernard Hill, Jonathan Hyde.
520 ## - SUMMARY, ETC.
Summary, etc Jack and Rose find one another on the maiden voyage of the unsinkable "Titanic" but when the liner collides with an iceberg their passionate love affair becomes a race for survival.
521 8# - TARGET AUDIENCE NOTE
Target audience note MPAA rating: PG-13.
538 ## - SYSTEM DETAILS NOTE
System details note DVD Dolby surround stereo, THX digitally mastered.
540 ## - TERMS GOVERNING USE AND REPRODUCTION NOTE
Terms governing use and reproduction For private home use only.
546 ## - LANGUAGE NOTE
Language note Closed-captioned for the hearing impaired.
546 ## - LANGUAGE NOTE
Language note In English with French track, with English and Spanish subtitles.
586 ## - AWARDS NOTE
Awards note Winner of 11 Academy Awards
610 20 - SUBJECT ADDED ENTRY--CORPORATE NAME
Corporate name or jurisdiction name as entry element Titanic (Steamship)
Form subdivision Drama.
9 (RLIN) 6141659
650 #0 - SUBJECT ADDED ENTRY--TOPICAL TERM
Topical term or geographic name as entry element Shipwrecks
Geographic subdivision North Atlantic Ocean
Form subdivision Drama.
9 (RLIN) 6396157
650 #0 - SUBJECT ADDED ENTRY--TOPICAL TERM
Topical term or geographic name as entry element Steamboat disasters
Geographic subdivision North Atlantic Ocean
Form subdivision Drama.
9 (RLIN) 6500188
655 #0 - INDEX TERM--GENRE/FORM
Genre/form data or focus term Feature films.
9 (RLIN) 6104700
650 #0 - SUBJECT ADDED ENTRY--TOPICAL TERM
Topical term or geographic name as entry element Video recordings for the hearing impaired.
9 (RLIN) 6104701
650 #0 - SUBJECT ADDED ENTRY--TOPICAL TERM
Topical term or geographic name as entry element DVD, Feature, Romance, 1990-1999.
9 (RLIN) 6104702
700 1# - ADDED ENTRY--PERSONAL NAME
Personal name Cameron, James,
Dates associated with a name 1954-
9 (RLIN) 36012
700 1# - ADDED ENTRY--PERSONAL NAME
Personal name DiCaprio, Leonardo.
9 (RLIN) 40548
700 1# - ADDED ENTRY--PERSONAL NAME
Personal name Winslet, Kate.
9 (RLIN) 76352
700 1# - ADDED ENTRY--PERSONAL NAME
Personal name Zane, Billy.
9 (RLIN) 61417
710 2# - ADDED ENTRY--CORPORATE NAME
Corporate name or jurisdiction name as entry element Paramount Home Video (Firm)
9 (RLIN) 30620
920 ## -
-- 194 min. col. c-c
942 ## - ADDED ENTRY ELEMENTS (KOHA)
Koha item type DVD
993 ## -
-- tc
979 ## -
-- 301882
998 ## - LOCAL CONTROL INFORMATION (RLIN)
-- a20634
Holdings
Withdrawn status Lost status Source of classification or shelving scheme Materials specified (bound volume or other part) Damaged status Not for loan Collection code Home library Current library Shelving location Date acquired Source of acquisition Total Checkouts Total Renewals Full call number Barcode Checked out Date last seen Date checked out Cost, replacement price Price effective from Koha item type
    Dewey Decimal Classification 2 discs     Movies Wasatch County Library Wasatch County Library Audio Visual Area 10/20/2022 Amazon 19 24 DVD Titanic 34301001867060 03/02/2026 02/11/2026 02/11/2026 15.99 10/20/2022 DVD
This project was made possible through a grant from the Institute of Museum and Library Service administered by the Utah State Library Division.

Wasatch County Library

  • 465 East 1200 South, Heber City, Utah 84032
  • Phone 435-654-1511 | Fax 435-654-6456

Hours

  • Monday - Friday 9:30 AM - 8:00 PM
  • Saturday 9:30 AM - 1:30 PM
  • Closed Sundays and Holidays